000 00401nam a2200145Ia 4500
008 100204s9999 xx 000 0 und d
082 _b14665
100 _aगोडबोले मंगला
245 _aसोबत
260 _b"अर्चना प्रकासन, पुणे"
_c1991
300 _a216
630 _aसोबत
730 _aसोबत
942 _cBOOK
999 _c459096
_d459093